Ce pays était-il une colonie française ? - Mort Subite - Statistiques

Statistiques générales
  • Ce quiz a été pris 214 fois
  • Le résultat moyen est 10 sur 18
Answers on the Grid
Answers color-coded by a green-red scale on the quiz's grid according to % correct below.
Maroc
Mali
Sénégal
Côte d’Ivoire
Burkina Faso
Niger
Guinée
Bénin
Togo
Cameroun
République centrafricaine
Tchad
Liban
Laos
Vietnam
Haiti
Algérie
Kenya
Inde
Ghana
Gabon
Libye
Zimbabwe
Ouganda
Irak
Thaïlande
Somalie
Éthiopie
Namibie
Soudan
 
Statistiques - réponses
Réponse % Correct
Algérie
82%
Sénégal
76%
Maroc
70%
Côte d’Ivoire
69%
Mali
66%
Haiti
64%
Cameroun
62%
Vietnam
62%
Gabon
55%
République centrafricaine
54%
Liban
53%
Guinée
52%
Tchad
52%
Burkina Faso
49%
Togo
48%
Niger
47%
Bénin
46%
Laos
35%
Aucun quiz correspondant
Distribution des résultats
% des personnes avec chaque résultat
Percentile par nombre de réponses
Votre historique - résultats
Vous n’avez pas pris ce quiz